traduction Français à Italien - Statistiques

Statistiques générales
  • Ce quiz a été pris 268 fois
  • Le résultat moyen est 15 sur 40
Statistiques - réponses
Francais Italien % Correct
musique musica
87%
média media
78%
logo logo
72%
public pubblico
71%
cinéma cinema
70%
communication communicazione
64%
radio radio
64%
ville città
63%
promotion promozione
63%
vendre vendere
61%
téléphone telefono
58%
Télévision televisione
56%
campagne campagna
55%
slogan slogan
54%
émotions emozioni
47%
agence agenzia
46%
informer informare
46%
produit prodotto
46%
sponsor sponsor
45%
diffusion diffusione
37%
poster poster/manifesto
35%
tourner girare
32%
crédibilité credibilità
30%
jingle jingle
30%
sensibiliser sensibilizzare
28%
prévenir prevenire
23%
influencer influenzare
22%
promouvoir promuovere
22%
video divertissante video divertente
18%
concurrence concorrenza
15%
moyen de communication mezzo di communicazione
15%
vidéo préventive video preventiva
14%
financement finanziamento
10%
ambassadeur volot/ambasciatore
8%
réseaux sociaux social network
7%
vidéo captivante video accattivante
5%
annonceur inserzionista
3%
affiche locandina
3%
égérie musa
3%
image de la marque imagine di marca
2%
Aucun quiz correspondant
Distribution des résultats
% des personnes avec chaque résultat
Percentile par nombre de réponses
Votre historique - résultats
Vous n’avez pas pris ce quiz